Popcorn salé-SANTA - Statistiques

Statistiques générales
  • Ce quiz a été pris 150 fois
  • Le résultat moyen est 181 sur 218
Statistiques - réponses
/ Réponse % Correct
. à
99%
. d'
98%
. s'
98%
. j'
97%
. popcorn
97%
. y
97%
. au
96%
. l'
96%
. salé
96%
. m'
95%
. aura
94%
. du
93%
. le
93%
. t'
93%
. un
93%
. je
92%
. monde
92%
. nos
92%
. nouveau
92%
. pieds
92%
. pour
91%
. viens
91%
. allez
89%
. regarder
89%
. de
88%
. emmène
88%
. loin
88%
. des
87%
. les
86%
. jouer
84%
. s'écrouler
84%
. pourrais
83%
. te
83%
. héros
82%
. flammes
81%
. mieux
81%
. qu'
81%
. yeux
81%
. dans
80%
. milieu
80%
. dire
79%
. faux
79%
. ame
78%
. entendre
77%
. la
77%
. plus
77%
. et
76%
. ira
76%
. supplément
76%
. fort
75%
. ma
75%
. on
75%
. que
75%
. dehors
74%
. musique
74%
. femme
73%
. tout
73%
. repartir
71%
. sera
71%
. écrouler
70%
. mettrais
70%
. zéro
70%
. tu
68%
. coeur
65%
. domino
64%
. qui
63%
. seras
61%
. ton
61%
. emballe
60%
. premier
60%
. regardera
60%
. beaux
59%
. avant
58%
. c'était
58%
. remords
58%
. mots
57%
. oh
57%
. demain
56%
. femmes
56%
. bravos
46%
. entende
45%
. qu'on
44%
. toujours
43%
. entendrai
40%
. chaos
39%
. chanterai
38%
. emmènes
37%
. étouffer
36%
. remettre
34%
. j'éteindrai
30%
Aucun quiz correspondant
Distribution des résultats
% des personnes avec chaque résultat
Percentile par nombre de réponses
Votre historique - résultats
Vous n’avez pas pris ce quiz